| 000 | 00607nam a22002057a 4500 | ||
|---|---|---|---|
| 999 |
_c6515 _d6515 |
||
| 003 | OSt | ||
| 005 | 20200129114823.0 | ||
| 008 | 200129b ||||| |||| 00| 0 eng d | ||
| 020 | _a0130661953 | ||
| 040 | _cDDC | ||
| 082 | _a658.4 REN 2003 | ||
| 100 |
_aRender, Barry; Stair, Ralph M.; Balakrishnan, Nagraj _913378 |
||
| 245 | _aManagerial Decision Modeling with Spreadsheets | ||
| 260 |
_aNew Jersey; _bPrentice Hall, _c2003 |
||
| 300 |
_axxiii,616p; _bCol.ill: _c26cm |
||
| 504 | _aAppendices, & index included | ||
| 650 |
_aManagement _9364 |
||
| 650 |
_aDecision modeling _913379 |
||
| 942 |
_2z _cO_SHELF |
||